00421nam a2200145Ia 4500003000400000008004100004040001600045082001600061100001900077245006600096260005500162300001000217650001900227650002900246GCL140319s9999 xx 000 0 eng d aGCL / cGCL04a938.07bB D1 aBRIANT, PIERRE10aDE LA GRECE A L'ORIENT, ALEXANDRE LE GRAND / cBRIANT, PIERRE a[S.N] : bDECOUVERTES GALLIMARD HISTOIRE ، c1987 a176 P04aGREECE HISTORY04aALEXANDER 1, 1801 - 1825